书目信息 |
| 题名: |
种庄稼的科学与技术
|
|
| 作者: | 幺永儒 编 | |
| 分册: | ||
| 出版信息: | 石家庄 河北人民出版社 1965 |
|
| 页数: | 68页 | |
| 开本: | 20cm | |
| 丛书名: | ||
| 单 册: | ||
| 中图分类: | S514 | |
| 科图分类: | ||
| 主题词: | 禾谷类作物 | |
| 电子资源: | ||
| ISBN: | ||
| 000 | 00599nam0 2200217 450 | |
| 001 | 0638761425 | |
| 005 | 20060816104726.26 | |
| 010 | @dCNY0.18 | |
| 091 | @aT16086.244 | |
| 100 | @a20060816d1965 km y0chiy0120 ea | |
| 101 | 0 | @achi |
| 102 | @aCN@b130000 | |
| 200 | 1 | @a种庄稼的科学与技术@Azhong zhuang jia de ke xue yu ji shu@e高粱@f幺永儒 编@Fyao yong ru bian |
| 210 | @a石家庄@c河北人民出版社@d1965 | |
| 215 | @a68页@d20cm | |
| 517 | 1 | @a高粱@Agao liang |
| 606 | 0 | @a禾谷类作物 |
| 690 | @aS514@v3 | |
| 701 | 0 | @a幺永儒@Ayao yong ru@4编 |
| 801 | 0 | @aCN@bPFT@c20060816 |
| 905 | @a10447@dS514@e29 | |
| 种庄稼的科学与技术:高粱/幺永儒 编.-石家庄:河北人民出版社,1965 |
| 68页;20cm |
| ISBN :CNY0.18 |
| ● |
| 相关链接 |
|
|
|
|
正题名:种庄稼的科学与技术
索取号:S514/29
 
预约/预借
| 序号 | 登录号 | 条形码 | 馆藏地/架位号 | 状态 | 备注 |
| 1 | 0458662 | 204586625 | 密集书库/ [索取号:S514/29] | 在馆 |